Visualizzazione normale
Vista MARC
- "243.6---4.10 Fatima arcobaleno di pace. Milano --Daverio ---1960---131 p. 18 cm."
di Personal Name
Records bibliografici associati: 1
001 - CONTROL NUMBER
- control field: 34016
003 - CONTROL NUMBER IDENTIFIER
- control field: IT-RoPau
005 - DATE AND TIME OF LATEST TRANSACTION
- control field: 20141007112843.0
008 - FIXED-LENGTH DATA ELEMENTS
- fixed length control field: 141007|| aca||aabn | a|a d
040 ## - CATALOGING SOURCE
- Original cataloging agency: IT-RoPau
- Transcribing agency: IT-RoPau
100 ## - HEADING--PERSONAL NAME
- Personal name: "243.6---4.10 Fatima arcobaleno di pace. Milano --Daverio ---1960---131 p. 18 cm."
670 ## - SOURCE DATA FOUND
- Source citation: Work cat.: (IT-RoPau)25271: Pinuzzo 34014, Cent’anni a Lourdes